000 00157 a2200085 4500
041 _aspa
100 _aAnonimo
245 _aLengua y Literatura 11
942 _cBK
999 _c16001
_d16001